| 000 | 00586nam a2200205 a 4500 | ||
|---|---|---|---|
| 005 | 20210223125140.0 | ||
| 008 | 991125n1984 mx 000 0 spa u | ||
| 020 | _a9688470392 | ||
| 035 | _aUPN01000129426 | ||
| 049 | _aCG | ||
| 050 | 4 |
_aPT2621 A2 _bP7.4a |
|
| 100 | 1 |
_aKafka, Franz, _d1883-1924 _928567 |
|
| 245 | 1 | 3 |
_aEl proceso / _cFranz Kafka ; tr. R. Kruger. |
| 260 |
_aMéxico : _bOrigen : _bSeix Barral, _c1984. |
||
| 300 | _a254 p. | ||
| 440 | 0 |
_aObras maestras del siglo XX ; _v18 |
|
| 534 |
_pTraducción de: _tDer prozess |
||
| 650 | 4 | _aLITERATURA CHECA | |
| 905 | _aLibro | ||
| 999 |
_c101598 _d101598 |
||